Základy marketingu /

Main Author: Šumberová, Pavla
Other Authors: Kozák, Vratislav, 1956-
Language: Czech
Published: Brno : Vysoké učení technické v Brně, Fakulta managementu a ekonomiky ve Zlíně, 1999
Edition: 1. vyd.
Physical Description: 101 s. ; 29 cm
Book
Saved in:
LEADER 01079nam a2200313 a 4500
001 000454029
003 CZ BrMZK
005 20110629130016.0
007 ta
008 010907s1999 xr e p cze d
015 |a cnb000703784 
020 |a 80-214-1365-4 
035 |a (OCoLC)44525678 
040 |a BOA001  |b cze 
080 |a 339.138  |2 MRF 
080 |a 658.8  |2 MRF 
080 |a (075.8)  |2 MRF 
100 1 |a Šumberová, Pavla  |7 mzk2011647930  |4 aut 
245 1 0 |a Základy marketingu /  |c Pavla Šumberová, Vratislav Kozák 
250 |a 1. vyd. 
260 |a Brno :  |b Vysoké učení technické v Brně, Fakulta managementu a ekonomiky ve Zlíně,  |c 1999 
300 |a 101 s. ;  |c 29 cm 
500 |a Určeno pro posl. fak. managementu a ekon. ve Zlíně. - Bibliogr. 
650 0 7 |a marketing  |7 ph115227  |2 czenas 
655 7 |a učebnice vysokých škol  |7 fd133772  |2 czenas 
700 1 |a Kozák, Vratislav,  |d 1956-  |7 xx0015951  |4 aut 
910 |a BOA001  |b 4-1066.602 
990 |a BK 
996 6 |b 2610105602  |c 4-1066.602  |l MZK  |r Sklad / do 1 hodiny  |n 2  |p p.v.  |w 000454029  |u 000010  |a 1  |e BOA001  |j MZK50  |s P